Một số vấn đề liên quan đến hướng dẫn áp dụng điều 194 Bộ luật hình sự /

Spremljeno u:
Bibliografski detalji
Glavni autor: Cao Thị Oanh, TS.
Format: Članak
Jezik:Vietnamese
Teme:
Oznake: Dodaj oznaku
Bez oznaka, Budi prvi tko označuje ovaj zapis!
Thư viện lưu trữ: Thư viện Trường Đại học Đà Lạt
LEADER 00801nam a2200277 4500
001 DLU140163395
005 ##20140822
040 # # |a DLU  |b vie 
041 # # |a vie 
044 # # |a vn 
100 # # |a Cao Thị Oanh,  |c TS. 
245 # # |a Một số vấn đề liên quan đến hướng dẫn áp dụng điều 194 Bộ luật hình sự /  |c Cao Thị Oanh. 
653 # # |a Luật hình sự 
653 # # |a Ma túy 
653 # # |a Mua bán 
653 # # |a Tội phạm 
773 # # |t Luật học   |g Số9(148), 2012, tr.27-38 
920 # # |a Phòng Tạp chí -- Trung tâm Thông tin - Thư viện Trường Đại học Đà Lạt 
994 # # |a DLU 
900 # # |a True 
911 # # |a Nguyễn Thị Mai Anh 
925 # # |a G 
926 # # |a A 
927 # # |a BB 
980 # # |a Thư viện Trường Đại học Đà Lạt